| 000 | 00616nam a22001937a 4500 | ||
|---|---|---|---|
| 005 | 20251108164021.0 | ||
| 008 | 250721s1998 xx 000 0 ara d | ||
| 082 | 1 | 4 | _a001.6424/محم |
| 100 | 1 | _aقبيعه، محمد جمال أحمد | |
| 245 | 1 | 0 | _aالمرجع الحديث في إستخدام البرنامج أكسل 4.0 / |
| 246 | 1 | 1 | _aexcel 4.0 |
| 264 | 1 |
_aبيروت : _bدار الراتب، _c1998. |
|
| 300 | _a301ص. | ||
| 490 | 0 | _aسلسلة المبرمج العربي المتطور | |
| 650 | 1 | 7 | _aالحواسيب |
| 650 | 1 | 7 | _aبرامج الحاسوب |
| 942 |
_2ddc _cBK |
||
| 999 |
_c1534 _d1534 |
||